• 首页
  • 本馆介绍
  • 公告通知
  • 最新文献
  • 馆藏检索
  • 电子资源
  • 读者导购
  • 参考咨询
  • 我的图书馆
  • 登录
  • 详细信息显示
  • 放入我的书架
  • 预约/预借图书
  • 作者相关作品
  • 分类相关作品
  • 丛书相关作品
  • 出版社相关作品

书目信息

  • 表格格式
  • 工作单格式
  • 卡片格式
题名:
新型城镇化战略下建设用地再开发政策的理论与实践
    
 
作者: 唐健 , 王庆日 , 谭荣 著
分册:  
出版信息: 北京   中国社会科学出版社  2016
页数: 10,355页
开本: 24cm
丛书名:
单 册:
中图分类: F299.232.2
科图分类:
主题词: 城市建设--cheng shi jian she--土地利用--研究--中国
电子资源:
ISBN: 978-7-5161-8439-4
000 01301nam0 22002531 450
001 0118172348
005 20170618172348.0
010    @a978-7-5161-8439-4@dCNY86.00
100    @a20160824d2016 em y0chiy50 ea
101 0  @achi
102    @aCN@b110000
105    @ay z 000yy
106    @ar
200 1  @a新型城镇化战略下建设用地再开发政策的理论与实践@Axin xing cheng zhen hua zhan lue xia jian she yong di zai kai fa zheng ce de li lun yu shi jian@f唐健...(等)著
210    @a北京@c中国社会科学出版社@d2016
215    @a10,355页@d24cm
330    @a本书基于大量的监测案例,以满足政府职能转变和管理方式创新为全书的逻辑主线和框架,系统地分析评估了新型城镇化战略下存量建设用地的再开发政策,重点对比分析了政府主导、市场参与和利益相关方自组织特征的城镇与集体存量建设用地再开发案例的模式特征,以及不同模式选择的影响因素、成本和绩效,总结了典型国家和地区存量建设用地再开发的做法和经验,提出了我国存量建设用地再开发的政策建议,为新型城镇化战略下存量建设用地再开发政策设计提供了经验借鉴和理论支持。
606 0  @a城市建设@Acheng shi jian she@x土地利用@x研究@y中国
690    @aF299.232.2@v5
701  0 @a唐健@Atang jian@c(女,@f(1966~)@4著
701  0 @a王庆日@Awang qing ri@4著
701  0 @a谭荣@Atan rong@f(1981~)@4著
801  0 @aCN@bTANGWEI@c20170615
905    @b1009593-8@dF299.232.2@e1399@f6
    
    新型城镇化战略下建设用地再开发政策的理论与实践/唐健...(等)著 .-北京:中国社会科学出版社,2016
    10,355页;24cm
    
    
    ISBN 978-7-5161-8439-4:CNY86.00
    本书基于大量的监测案例,以满足政府职能转变和管理方式创新为全书的逻辑主线和框架,系统地分析评估了新型城镇化战略下存量建设用地的再开发政策,重点对比分析了政府主导、市场参与和利益相关方自组织特征的城镇与集体存量建设用地再开发案例的模式特征,以及不同模式选择的影响因素、成本和绩效,总结了典型国家和地区存量建设用地再开发的做法和经验,提出了我国存量建设用地再开发的政策建议,为新型城镇化战略下存量建设用地再开发政策设计提供了经验借鉴和理论支持。
●
相关链接 在E读中查询图书 在五车中查询图书 在当当中查询图书 在豆瓣中查询图书


正题名:新型城镇化战略下建设用地再开发政策的理论与实践     索取号:F299.232.2/1399         预约/预借

序号 登录号 条形码 馆藏地/架位号 状态 备注
1 1009593   210095939   第一样本阅览室/ [索取号:F299.232.2/1399] 在馆    
2 1009594   210095948   教育系资料室/ [索取号:F299.232.2/1399] 在馆    
3 1009595   210095957   教育系资料室/ [索取号:F299.232.2/1399] 在馆    
4 1009596   210095966   教育系资料室/ [索取号:F299.232.2/1399] 在馆    
5 1009597   210095975   第一借阅区/ [索取号:F299.232.2/1399] 在馆    
6 1009598   210095984   第一借阅区/ [索取号:F299.232.2/1399] 在馆    
唐山师范学院图书馆 欢迎您!
大连网信软件有限公司© 版权所有